| 000 | 00703na a2200217 4500 | ||
|---|---|---|---|
| 001 | 14779 | ||
| 003 | MIRAKIL | ||
| 005 | 20181213154912.0 | ||
| 008 | 160924b tu 000 0 | ||
| 035 | _a14779 | ||
| 040 |
_aMilas _btur _cTR-AnCHP |
||
| 082 |
_aATA 923.156 _bA72b [t.y.] |
||
| 090 | _aATA 923.156 A72b [t.y.] | ||
| 100 |
_aAtatürk, Mustafa Kemal _d1881-1838 |
||
| 245 |
_aBütün bu partimizin programı...başarılabilmiştir _cK. Atatürk |
||
| 260 |
_aİstanbul _b[yayl. y.] _c[t.y.] _fAlaadin Kıral Basımevi |
||
| 300 |
_a[48 s.] _bfotg. ; ktl. hrt. _c25 sm. |
||
| 600 |
_aAtatürk, Mustafa Kemal _d1881-1938 _xSöylev ve demeçler |
||
| 650 |
_aCHP _xKurultaylar |
||
| 942 |
_2ddc _cBKS |
||
| 999 |
_c2880 _d2880 |
||